000 00667nam a2200205Ia 4500
001 17616
003 GE_BSU
008 181216s||||||||xx |||||||||||||| ||und||
040 _cGE_BSU
080 _a621.88(035)
100 _aВасильев,В.З. Георгиевский,Н.Н. Дубяго,А.Д. и др.
245 _aСправочные таблицы по деталям машин. Часть II.
245 _cРед. Г.А.Джавадян.
260 _aМ.
260 _bМашгиз.
260 _c1955.
300 _a239 стр. с илл. 22 см.
653 _aСправочные таблицы по деталям машин.
942 _cBK
999 _c50665
_d50665